[Event "Pontevedra op-B 6th"]
[Site "Pontevedra"]
[Date "2018.08.08"]
[Round "1"]
[White "Nurgaliyev, Sauat"]
[Black "Baltar Torres, Oscar"]
[Result "1-0"]
[WhiteElo "1613"]
[BlackElo "1070"]
[PlyCount "59"]
[EventDate "2018.08.08"]
[EventType "swiss"]
[EventRounds "9"]
[EventCountry "ESP"]
[SourceTitle "CBM 186 Extra"]
[Source "ChessBase"]
[SourceDate "2018.08.24"]
[SourceVersion "1"]
[SourceVersionDate "2018.08.24"]
[SourceQuality "1"]

1. d4 f5 2. Nf3 Nf6 3. g3 e6 4. Bg2 d5 5. c4 c6 6. 0-0 Bd6 7. Bg5 h6 8. Bxf6 Qxf6 9. cxd5 cxd5 10. Nc3 0-0 11. Rc1 Bd7 12. Qb3 Bc6 13. Rfd1 Nd7 14. e3 Nb6 15. Nd2 Kh8 16. a4 Rac8 17. Bf1 g5 18. a5 Nc4 19. Nxc4 dxc4 20. Bxc4 f4 21. Rf1 h5 22. Bxe6 Rc7 23. d5 Bd7 24. Ne4 Qe5 25. Rxc7 Bxc7 26. Nc5 Bxe6 27. Nxe6 Rf6 28. exf4 gxf4 29. Qxb7 Bd6 30. Qg7# 1-0